| 000 | 00644nam a2200217 u 4500 | ||
|---|---|---|---|
| 005 | 20240521063627.0 | ||
| 008 | 130812s2009 ag r 000 0 spa d | ||
| 020 | _a9789870008743 | ||
| 035 | _aUPN01000192134 | ||
| 049 | _aCG | ||
| 050 | 4 |
_aB132 Y6 _bP4.7 |
|
| 100 | 1 |
_aPes, Jean-Paul _934076 |
|
| 245 | 1 | 1 |
_a¡Sólo 8 minutos para sentirte bien! / _cJean-Paul Pes ; tr. Miguel Angel Paleo. |
| 260 |
_aBuenos Aires : _bLumen, _c2009. |
||
| 300 |
_a101 p. : _bil. |
||
| 534 |
_pTítulo original: _t8 minutes pour être en forme |
||
| 650 | 4 |
_aYoga _917802 |
|
| 650 | 2 |
_aEjercicios físicos _914845 |
|
| 905 | _aLibro | ||
| 999 |
_c164237 _d164237 |
||